00967nab a2200325 uc450000100070000000500170000700800410002403500110006503500210007604000130009704100080011010000270011824500530014565000100019865000230020865000230023165000220025465000160027665000150029265000130030765000130032065000330033365000280036665000290039470000320042370000300045570000340048570000290051977300930054880730920240706090025.0030424s1987 spa  a807309 a(OCoLC)820023996 ccomduadb aspa10aCampos, Hugo4auteaut10aEstudios limnologicos en el Lago Caburgua, Chile aChile 7aLimnología2lemb 7aFitoplancton2lemb 7aZooplancton2lemb 7aLagos2lemb aNutrientes aNitratos aFosfatos aDisponibilidad de nutrientes aComunidades acuáticas 7aNiveles tróficos2lemb10aSteffen, Wladimir4auteaut10aParra, Oscar O.4auteaut10aDominguez, Patricio4auteaut10aAguero, Gloria4auteaut0 tGayana Botánica (Chile)gVol. 44, No. 01-04, 1987, p. 61-84w802898x0016-53010278252